000 01617cam a2200217 4500
001 L130377
008 050722n2005 000 0 eng u
035 _a(Sirsi) u130377
041 _aeng
110 _aOffice of the Deputy Prime Minister
_94685
245 _aPossible changes to the Use Classes Order; casinos
260 _aOffice of the Deputy Prime Minister
_c2005
300 _a28p
520 _aThis consultation seeks views on the classification of casinos within the Town and Country Planning (Classes) Order 1987 and particularly on the government's preferred option of making casinos sui generis with permitted development rights to revert to D2 use. Casinos are currently classified as a D2 leisure use, which means that a D2 use could convert to casino use without the need for planning permission. Given the proposed changes to casino licensing and new casino types and sizes that will be allowed under the Gambling Act 2005, government is considering whether a classification such as above remains the most appropriate. Responses to the consultation should be submitted to arrive before 21 October 1995 and a summary of the responses will be published on the DCLG website by 21 January 2006.
590 _aIKA020805
650 _aGAMBLING ACT 2005
650 _aTOWN AND COUNTRY PLANNING (USE CLASSES) ORDER 1987
690 _aENVIRONMENTAL AND LAND CONSULTANCY-PLANNING AND DEVELOPMENT-USE REQUIREMENTS
856 _uhttps://www.communities.gov.uk/archived/publications/planningandbuilding/possiblechanges2
_zView the consultation free of charge at www.communities.gov.uk...
942 _n0
999 _c104441
_d104441